| 000 | 00769nam a2200241Ia 4500 | ||
|---|---|---|---|
| 003 | GCL | ||
| 008 | 140319s9999 xx 000 0 ara d | ||
| 040 |
_aGCL / _cGCL |
||
| 082 | 0 | 4 |
_aق _b916.2 _bى م |
| 100 | 1 | _aعبدالقادر عبدالعزيز على | |
| 245 | 1 | 0 |
_aمناخ مصر / _cعبدالقادر عبدالعزيز على |
| 700 | 1 | _aعبدالعزيز عبداللطيف يوسف | |
| 700 | 1 | _aشحاته سيد احمد | |
| 700 | 1 | _aيوسف عبدالمجيد فايد | |
| 260 |
_a[S.N] : _bدار النهضة العربية ، _c1994 |
||
| 300 | _a443 ص | ||
| 490 | _a | ||
| 650 | 0 | 4 | _aمصر |
| 650 | 0 | 4 | _aالجغرافيا الطبيعية |
| 650 | 0 | 4 | _aالمناخ |
| 650 | 0 | 4 | _aالظواهر الجوية |
| 942 |
_2ddc _cBK |
||
| 999 |
_c36879 _d36879 |
||